Géographie suisse par la lettre O - Statistiques

Statistiques générales
  • Ce quiz a été pris 91 fois
  • Le résultat moyen est 12 sur 20
Statistiques - réponses
Hint Réponse % Correct
Animal emblème de la ville et du canton de Berne Ours
89%
Marque de montre tirée d'une lettre grecque (appartenant au groupe Swatch) Omega
87%
Matière première que l'état Suisse a acheté aux III Reich durant la deuxième guerre mondiale Or
87%
Demi-canton suisse Obwald
84%
Organisation dont le siège européen se situant à Genève ONU
84%
Son abrévation OW
84%
On trouve à cet endroit le musée______ dédié au sport Olympique
75%
Skieur, vainqueur du grand globe en 2022 Marco____ Odermatt
71%
Port et quartier de Lausanne Ouchy
70%
Magasin suisse de sport et de chaussures Ochsner
62%
Station de ski connue pour ses bains (VS) Ovronnaz
59%
Nom d'origine d'un pays voisin de la suisse Österreich
57%
Ville (AR), connu pour sa gare Olten
54%
ville vaudoise et rivière se jetant dans l'Aare Orbe
51%
Ancien conseiller fédéral(UDC) Adolf__ Ogi
43%
Festival se trouvant aux arènes d'Avenches Rock___ ____ Oz'Arènes
42%
Ville genevoise entre le Rhône et l'Aire Onex
29%
Col du massif du Gothard (2044m) reliant Andermatt (UR) à Disentis(GR) Oberalp
16%
Plus grande ville suisse en O, dans la banlieue de Zurich Opfikon
12%
Sommet suisse membre de la couronne impériale (4064m) (VS) Ober Gabelhorn
9%
Aucun quiz correspondant
Distribution des résultats
% des personnes avec chaque résultat
Percentile par nombre de réponses
Votre historique - résultats
Vous n’avez pas pris ce quiz